000
00222 a2200097 4500
001
46843
100
_a
P.I Cheema
245
_a
Sanctuary and War
260
_a
Islamabad
_b
Quaid-e-Azam university
_c
090
_c
29931
_d
29931
942
_a
NUST-CAE
_c
M
_c
22148
999
_c
281916
_d
281916